Т. 4 : Биология и фундаментальная медицина; Перспективы развития фундаментальных наук

Podrobná bibliografie
Parent link:Перспективы развития фундаментальных наук=Prospects of Fundamental Sciences Development: сборник научных трудов XXI Международной конференции студентов, аспирантов и молодых ученых, г. Томск, 23-26 апреля 2024 г./ Национальный исследовательский Томский политехнический университет ; под ред. И. А. Курзиной [и др.]. Т. 4 : Биология и фундаментальная медицина.— .— Томск: Изд-во ТПУ, 2024
Shrnutí:Заглавие с титульного экрана
Сборник содержит труды участников XXI Международной конференции студентов, аспирантов и молодых учёных «Перспективы развития фундаментальных наук», представленные на секции «Биология и фундаментальная медицина». Предназначен для студентов, аспирантов, молодых ученых и преподавателей, специализирующихся в области анатомии и физиологии, иммунологии, неврологии и психиатрии, клеточной биологии и гистологии, генетики, биохимии и молекулярной биологии, микробиологии и вирусологии, биофизики, биотехнологии, биоинженерии, фармакологии и фармакогнозии, кибернетики и биоинформатики, а также биоматериалов: исследований in vitro и in vivo
Текстовый файл
Jazyk:ruština
Vydáno: 2024
Témata:
On-line přístup:http://earchive.tpu.ru/handle/11683/80532
Médium: Elektronický zdroj Kniha
KOHA link:https://koha.lib.tpu.ru/cgi-bin/koha/opac-detail.pl?biblionumber=674241

MARC

LEADER 00000nam2a2200000 4500
001 674241
005 20241004094749.0
090 |a 674241 
100 |a 20240826d2024 k||y0rusy50 ca 
101 0 |a rus 
102 |a RU 
105 |a a z 101zy 
135 |a drnn ---uucaa 
181 0 |a i   |b  e  
182 0 |a b 
183 0 |a cr  |2 RDAcarrier 
200 1 |a Т. 4 : Биология и фундаментальная медицина  |d Vol. 4 : Biology and fundamental medicine  |z eng 
203 |a Текст  |c электронный 
210 1 |d 2024 
215 |a 1 файл (31,7 MB, 165 с.)  |c pdf 
283 |a online_resource  |2 RDAcarrier 
300 |a Заглавие с титульного экрана 
320 |a Библиография в конце статей 
330 |a Сборник содержит труды участников XXI Международной конференции студентов, аспирантов и молодых учёных «Перспективы развития фундаментальных наук», представленные на секции «Биология и фундаментальная медицина». Предназначен для студентов, аспирантов, молодых ученых и преподавателей, специализирующихся в области анатомии и физиологии, иммунологии, неврологии и психиатрии, клеточной биологии и гистологии, генетики, биохимии и молекулярной биологии, микробиологии и вирусологии, биофизики, биотехнологии, биоинженерии, фармакологии и фармакогнозии, кибернетики и биоинформатики, а также биоматериалов: исследований in vitro и in vivo 
336 |a Текстовый файл 
461 1 |0 674010  |t Перспективы развития фундаментальных наук  |l Prospects of Fundamental Sciences Development  |o сборник научных трудов XXI Международной конференции студентов, аспирантов и молодых ученых, г. Томск, 23-26 апреля 2024 г.  |v Т. 4 : Биология и фундаментальная медицина  |d 2024  |9 674010  |c Томск  |n Изд-во ТПУ  |f Национальный исследовательский Томский политехнический университет ; под ред. И. А. Курзиной [и др.] 
606 |a Фундаментальные науки  |2 stltpush  |3 (RuTPU)RU\TPU\subj\70346  |9 84659 
610 1 |a конференции 
610 1 |a труды учёных ТПУ 
610 1 |a электронный ресурс 
610 1 |a биология 
610 1 |a фундаментальная медицина 
610 1 |a анатомия 
610 1 |a физиология 
610 1 |a иммунология 
610 1 |a неврология 
610 1 |a психиатрия 
610 1 |a клеточная биология 
610 1 |a гистология 
610 1 |a генетика 
610 1 |a биохимия 
610 1 |a молекулярная биология 
610 1 |a микробиология 
610 1 |a вирусология 
610 1 |a биофизика 
610 1 |a биотехнологии 
610 1 |a биоинженерия 
610 1 |a фармакология 
675 |a 501(063)  |v 3 
801 2 |a RU  |b 63413507  |c 20240826  |g RCR 
850 |a 63413507 
856 4 |u http://earchive.tpu.ru/handle/11683/80532  |z http://earchive.tpu.ru/handle/11683/80532 
942 |c CF